Propuesta para el establecimiento en Costa Rica de una universidad para la paz
Salvato in:
| Ente Autore: | |
|---|---|
| Natura: | testo |
| Pubblicazione: |
San José
|
| Tags: |
Aggiungi Tag
Nessun Tag, puoi essere il primo ad aggiungerne!!
|
MARC
| LEADER | 00000 a a2200000 04500 | ||
|---|---|---|---|
| 001 | 20358 | ||
| 003 | |||
| 040 | |||
| 090 | |a 084800 | ||
| 110 | |a Costa Rica. Gobierno | ||
| 245 | |a Propuesta para el establecimiento en Costa Rica de una universidad para la paz | ||
| 260 | |a San José | ||
| 300 | |a 61 p. | ||
| 999 | |c 11614 |d 11614 | ||
